000 01506naa a22003017a 4500
001 BR9403722
003 BR-BrBNA
005 20240918181220.0
007 ta
008 230509b bl.||||| |||| 00| 0 por d
040 _aBR-BrBNA
_bpor
_cBiblioteca Nacional de Agricultura
041 _a(Pt)
072 _aH20
_b0230
_b4150
_b4050
090 _aH20 BR9403722
100 1 _aMatsuoka, S.
100 1 _aAguillera, M.M.
111 1 _a2. Congresso Nacional da Sociedade de Tecnicos Acucareiros do Brasil1. Simposio Latino-Americano sobre Modalidades de Financiamento a Producao de Energia Renovavel
_cRio de Janeiro, RJ (Brazil)
_d16-21 Aug 1981
245 1 _aEfeito aditivo de nematoides e raquitismo da soqueira sobre a producao de algumas variedades de cana-de-acucar
260 3 _aRio de Janeiro, RJ (Brasil):
_c1981.
500 _aAnais do 2. Congresso Nacional de Tecnicos Acucareiros do Brasil e 1. Simposio Latino-Americano sobre Modalidades de Financiamento a Producao de Energia Renovavel Rio de Janeiro, RJ (Brasil): 1981. v. 2 p. 409-420 (BR9403722-AM)H20
650 _aCana de Acucar
650 _aRaquitismo das Soqueiras
650 _aNematoide
650 _aTratamento
773 0 _tAnais do 2. Congresso Nacional de Tecnicos Acucareiros do Brasil e 1. Simposio Latino-Americano sobre Modalidades de Financiamento a Producao de Energia Renovavel
_wH20 BR9403722
_gRio de Janeiro, RJ (Brasil), 1981. v. 2 p. 409-420
909 _a202404
_bLucia
_c55
_dLucia Elande
942 _cAM
_2AGRIS
999 _c324148
_d324148